header

Mining economics and strategy (Record no. 35443)

MARC details
000 -LEADER
fixed length control field 01310nam a2200325 a 4500
082 04 - DEWEY DECIMAL CLASSIFICATION NUMBER
Classification number 338.2/3
100 1# - MAIN ENTRY--AUTHOR NAME
Personal name Runge, Ian C.
245 10 - TITLE STATEMENT
Title Mining economics and strategy
260 ## - PUBLICATION, DISTRIBUTION, ETC. (IMPRINT)
Place of publication Littleton, Colo. :
Name of publisher Society for Mining, Metallurgy, and Exploration,
Year of publication c1998.
300 ## - PHYSICAL DESCRIPTION
Number of Pages xix, 295 p. :
Other physical details ill., port.
650 #0 - SUBJECT ADDED ENTRY--TOPICAL TERM
Topical Term Mining engineering
Topical Term Mineral industries
856 40 - ELECTRONIC LOCATION AND ACCESS
Uniform Resource Identifier http://site.ebrary.com/lib/rucke/Doc?id=10742727

No items available.

© 2026 Rongo University
Contact us: librarian | system librarian | Rongo university